|
|
|
|
| LEADER |
01135nab a2200301 i 4500 |
| 001 |
publ20568 |
| 005 |
20210317105153.0 |
| 008 |
210203s2020 hu o 0|| zxx d |
| 022 |
|
|
|a 1424-8247
|
| 024 |
7 |
|
|a 10.3390/ph13120453
|2 doi
|
| 024 |
7 |
|
|a 31749584
|2 mtmt
|
| 040 |
|
|
|a SZTE Publicatio Repozitórium
|b hun
|
| 041 |
|
|
|a zxx
|
| 100 |
2 |
|
|a Anna Marć Małgorzata
|
| 245 |
1 |
0 |
|a Antimicrobial, Anticancer and Multidrug-Resistant Reversing Activity of Novel Oxygen-, Sulfur- and Selenoflavones and Bioisosteric Analogues
|h [elektronikus dokumentum] /
|c Anna Marć Małgorzata
|
| 260 |
|
|
|c 2020
|
| 300 |
|
|
|a Terjedelem: 11-Azonosító: 453
|
| 490 |
0 |
|
|a PHARMACEUTICALS
|v 13 No. 12
|
| 700 |
0 |
1 |
|a Kincses Annamária
|e aut
|
| 700 |
0 |
1 |
|a Rácz Bálint
|e aut
|
| 700 |
0 |
2 |
|a Jawad Nasim Muhammad
|e aut
|
| 700 |
0 |
2 |
|a Sarfraz Muhammad
|e aut
|
| 700 |
0 |
2 |
|a Lázaro-Milla Carlos
|e aut
|
| 700 |
0 |
2 |
|a Domínguez-Álvarez Enrique
|e aut
|
| 700 |
0 |
2 |
|a Jacob Claus
|e aut
|
| 700 |
0 |
2 |
|a Spengler Gabriella
|e aut
|
| 700 |
0 |
2 |
|a Almendros Pedro
|e aut
|
| 856 |
4 |
0 |
|u http://publicatio.bibl.u-szeged.hu/20568/1/31749584_pharmaceuticals-13-00453.pdf
|z Dokumentum-elérés
|